Normal view
MARC view
- Heller, Steven
Entry Personal Name
001 - CONTROL NUMBER
- control field: 4899
003 - CONTROL NUMBER IDENTIFIER
- control field: CBULib
005 - DATE AND TIME OF LATEST TRANSACTION
- control field: 20251010084154.0
008 - FIXED-LENGTH DATA ELEMENTS
- fixed length control field: 251010|| aca||aabn | a|a d
040 ## - CATALOGING SOURCE
- Original cataloging agency: CBULib
100 ## - HEADING--PERSONAL NAME
- Personal name: Heller, Steven
- Relator term: Contributor